| 000 | 00755nac a22002051u 4500 | ||
|---|---|---|---|
| 010 | _a2003069032 | ||
| 020 | _a013087549X (alk. paper) | ||
| 082 | 0 | 0 |
_a621.381 _bF645 |
| 090 |
_c941 _d941 |
||
| 100 | _aFloyd, Thomas L. | ||
| 245 | 1 | 4 |
_aThe science of electronics. _pDigital / _cThomas L. Floyd, David M. Buchla. |
| 260 |
_aUpper Saddle River, N.J. : _bPearson/Prentice Hall, _cc2005. |
||
| 300 |
_axxv, 472 p. : _bill. ; _c29 cm. |
||
| 500 | _aIncludes index. | ||
| 650 | 0 |
_aElectronics _vTextbooks. |
|
| 650 | 0 |
_aDigital electronics _vTextbooks. |
|
| 700 | 1 | _aBuchla, David M. | |
| 942 |
_cBB _k621.381F645 |
||
| 999 |
_c941 _d941 |
||